| 000 | 01316nac a22004217a 4500 | ||
|---|---|---|---|
| 001 | BR0504673 | ||
| 003 | BR-BrBNA | ||
| 005 | 20240105123214.0 | ||
| 008 | 230509b bl.|||m| |||| 00| 0 por d | ||
| 040 |
_aBR-BrBNA _bpor _cBiblioteca Nacional de Agricultura |
||
| 072 | _aL73 | ||
| 090 | _a5212 BR0504673 | ||
| 100 | 1 | _aMadruga, C.R. | |
| 100 | 1 | _aAraújo, F.R. de | |
| 100 | 1 | _aSoares, C.O. | |
| 100 | 1 | _aMelo, E.S. de P. | |
| 100 | 1 | _aAlmeida, D.A. | |
| 100 | 1 | _aAlmeida Júnior, N.D. de | |
| 100 | 1 | _aXavier, M.A.S. | |
| 100 | 1 | _aOsório, A.L.A. | |
| 100 | 1 | _aCavalcante, G.G. | |
| 100 | 1 | _aRamos, C.A. do N. | |
| 110 | 1 | _aEMBRAPA Gado de Corte, Campo Grande, MS (Brasil) | |
| 245 | 1 | _aDiagnóstico molecular e análise filogenética de isolados brasileiros de Tryponosoma vivax baseado na reação da polimerase em cadeia - PCR | |
| 260 | 3 |
_aCampo Grande, MS (Brasil): _c2003. |
|
| 300 | _a5 p. | ||
| 490 |
_aComunicado Técnico - EMBRAPA Gado de Corte (Brazil) _vno. 84 _xISSN 1516-9308 |
||
| 500 | _a8 ref. | ||
| 650 | _aBOVINO | ||
| 650 | _aPROTOZOÁRIO | ||
| 650 | _aTRIPANOSSOMIASE | ||
| 650 | _aDIAGNÓSTICO | ||
| 650 | _aANÁLISE | ||
| 650 | _aINFECÇÃO | ||
| 650 | _aREAÇÃO QUÍMICA | ||
| 909 |
_a202312 _bLúcia Elande _c55 _dLúcia Elande |
||
| 942 |
_2AGRIS _n0 _cMS |
||
| 999 |
_c294426 _d294426 |
||